Sports Quiz

Random Sports or Basketball Quiz

Mundobasket kviz #10 - Poraz od Španije Quiz Stats

 Plays Quiz not verified by Sporcle

Score 0/7 Timer 02:00
0 Plays Today
Question Answer Wrong Answers
U kom gradu Srbija i Argentina igraju u četvrtfinalu? ???
85.5%
???
2.5%
???
3.9%
???
5.9%
A ko je jedini pored Bogdanovića postigao trojku protiv Španije? ???
74.7%
???
3.2%
???
10.3%
???
9.9%
Koji od srpskih košarkaša se nije upisao u strelce na meču protiv Španije? ???
58.6%
???
13.3%
???
17.9%
???
8.6%
Srbija je u poslednjem kolu grupne faze na Mundobasketu u Kini izgubila od Španije rezultatom 81:69, a kolika je bila naša najveća prednost na ovoj utakmici? ???
58.2%
???
26.4%
???
9%
???
6.4%
Koji igrač Španije je 'lupio' Jokića po ruci, nakon čega nije dosuđen faul, pa je srpski košarkaš pobesneo na sudije i dobio isključenje? ???
53.8%
???
10.3%
???
19.4%
???
15.6%
Iako je Srbija izgubila od Španije, Bogdan Bogdanović je igrao maestralno. Šta mu je nedostajalo za trip-dabl? ???
50.4%
???
19.1%
???
15.2%
???
14.5%
Koja ekipa je poslednja pobedila reprezentaciju Srbije pre Španije? ???
29.7%
???
32.4%
???
20.3%
???
17.2%

You're not logged in!

Compare scores with friends on all Sporcle quizzes.
OR
Log In

Sporcle TV

Today on Sporcle TV


Watch our educational content, quiz creation guides, and fun videos on Sporcle TV.

Show Comments

Extras

Created Sep 8, 2019ReportNominate
Tags:Basketball Quiz

Top Quizzes Today


Score Distribution

Your Account Isn't Verified!

In order to create a playlist on Sporcle, you need to verify the email address you used during registration. Go to your Sporcle Settings to finish the process.

Report this User

Report this user for behavior that violates our Community Guidelines.

Details: